00482nam a2200181Ia 4500003000400000005001700004008004100021040000700062041001200069082001800081100006200099245003400161260002800195300001600223365001000239650002800249650002300277OSt20240401113827.0210719s1993 xx 000 0 und d cAL akannada aK894.209 RAJK aRAJARATNAM (G P)dರಾಜರತ್ನಂ ಜಿ ಪಿ. aEkalavya.bಏಕಲವ್ಯ aBengalurubVidehac1993 axii,476bPB b1cRs aKannada Drama Criticism aKannada literature